Food Sorting Gallery Quiz Stats

 Plays Quiz Updated Jun 26, 2017

Support Sporcle.
Go Orange.
Score 0/36 Timer 05:00
10 Plays Today
% Correct
Zhejiang
95.5%
Jiangsu
94.6%
Sichuan
93.6%
Shandong
92.7%
Cantonese
91.7%
Hunan
89.2%
Tuscany
89.1%
Fujian
88.5%
Sicily
88.3%
Hollandaise
83.7%
Jennifer Paterson
79.7%
Béchamel
79.1%
Clarissa Dickson Wright
78.1%
Julia Child
76.8%
Campania
75.7%
Anhui
74.1%
Lombardy
72.3%
Velouté
68.1%
% Correct
Magic Soufflé
68%
Milk & Cookie Shot
67.2%
Tomate
66.5%
Artichoke
63.9%
Mirepoix
61.9%
Sofrito
61.7%
Lazio
61.6%
Graham Kerr
61%
James Beard
57.3%
Cronut
54.6%
Soffritto (or Battuto)
53.7%
Recaíto
51.6%
Emilia-Romagna
48.5%
Suppengrün
44%
Waffogato
43.8%
Espagnole
42.1%
'Holy Trinity'
36.8%
Włoszczyzna
29%

You're not logged in!

Compare scores with friends on all Sporcle quizzes.
OR
Log In
Forgot?

From the Vault

2018 Sweet 16 Teams

by metakoopa99

This quiz is short and sweet.
Remove Ads.
Support Sporcle.
Get the best of Sporcle when you Go Orange. This ad-free experience offers more features, more stats, and more fun while also helping to support Sporcle. Thank you for becoming a member.

Show Comments

Extras

Top Quizzes Today


Score Distribution

Your Account Isn't Verified!

In order to create a playlist on Sporcle, you need to verify the email address you used during registration. Go to your Sporcle Settings to finish the process.

Report this User

Report this user for behavior that violates our Community Guidelines.

Details: